Words That Moved: Select speeches of Pt. Govind Ballabh Pant 1924-1929 (Record no. 221442)
[ view plain ]
| 000 -LEADER | |
|---|---|
| fixed length control field | 00866nam a22002177a 4500 |
| 005 - DATE AND TIME OF LATEST TRANSACTION | |
| control field | 20220207163217.0 |
| 008 - FIXED-LENGTH DATA ELEMENTS--GENERAL INFORMATION | |
| fixed length control field | 220207b ||||| |||| 00| 0 eng d |
| 040 ## - CATALOGING SOURCE | |
| Transcribing agency | AL |
| 041 ## - LANGUAGE CODE | |
| Language code of text/sound track or separate title | eng |
| 082 ## - DEWEY DECIMAL CLASSIFICATION NUMBER | |
| Edition number | 23 |
| Classification number | 825 |
| Item number | PANW |
| 100 ## - MAIN ENTRY--PERSONAL NAME | |
| Personal name | Govind Ballabh Pant |
| 100 ## - MAIN ENTRY--PERSONAL NAME | |
| 9 (RLIN) | 17407 |
| 245 ## - TITLE STATEMENT | |
| Title | Words That Moved: Select speeches of Pt. Govind Ballabh Pant 1924-1929 |
| 260 ## - PUBLICATION, DISTRIBUTION, ETC. | |
| Place of publication, distribution, etc. | UP |
| Name of publisher, distributor, etc. | A Publication of Information & Public Relations Department |
| Date of publication, distribution, etc. | 1987 |
| 300 ## - PHYSICAL DESCRIPTION | |
| Extent | xvi,431 p. |
| Other physical details | HB |
| Dimensions | 22x14 cm/ |
| 520 ## - SUMMARY, ETC. | |
| Summary, etc. | Selected speeches of Govind Ballabh Pant, 1898-1961, Indian nationalist and former chief minister of Uttar Pradesh; chiefly about political and social conditions in 20th century India. |
| 650 ## - SUBJECT ADDED ENTRY--TOPICAL TERM | |
| Topical term or geographic name entry element | Speeches |
| 9 (RLIN) | 17408 |
| 650 ## - SUBJECT ADDED ENTRY--TOPICAL TERM | |
| Topical term or geographic name entry element | Politics and Government |
| 9 (RLIN) | 17409 |
| 700 ## - ADDED ENTRY--PERSONAL NAME | |
| Personal name | PANT (Govind Ballabh) |
| 9 (RLIN) | 17410 |
| 700 ## - ADDED ENTRY--PERSONAL NAME | |
| Personal name | DIKSHIT (Jagdish Chandra) Ed |
| 9 (RLIN) | 17411 |
| 942 ## - ADDED ENTRY ELEMENTS (KOHA) | |
| Source of classification or shelving scheme | Dewey Decimal Classification |
| Koha item type | George Fernandes Collections |
| Withdrawn status | Lost status | Source of classification or shelving scheme | Damaged status | Not for loan | Collection code | Home library | Current library | Date acquired | Total Checkouts | Full call number | Barcode | Date last seen | Price effective from | Koha item type |
|---|---|---|---|---|---|---|---|---|---|---|---|---|---|---|
| Dewey Decimal Classification | Political Science | St Aloysius Library | St Aloysius Library | 03/24/2013 | 825 PANW | GF02229 | 02/07/2022 | 02/07/2022 | George Fernandes Collections |